000 00633nam a2200241Ia 4500
003 OSt
005 20220918181203.0
006 a|||||r|||| 00| 0
007 ta
008 220917b |||||||| |||| 00| 0 eng d
024 _a25,825
037 _cTextual
040 _aARTS
_cARTS
_beng
041 _2eng
_aeng
082 _aO111,1x, M0
100 _aEspy Willard R
_958047
245 0 _aAnother almanc of word at play
260 _aLondon
_bAndre Deutch
_c1981
300 _aviii,362p.
_ccm.
650 _aENGLISH LITERATURE
942 _hO111,1x, M0
_cTEXL
_2CC
999 _c164696
_d164696